O Rei Leão (Record no. 122975)

MARC details
000 -LÍDER
campo de controle de tamanho fixo 00958 a2200217 4500
001 - NÚMERO DE CONTROLE
campo de controle 122975
020 ## - ISBN - INTERNATIONAL STANDARD BOOK NUMBER
ISBN - International Standard Book Number 9788539416509
040 ## - FONTE DA CATALOGAÇÃO
Instituição que transcreveu o registro Escola Canadense de Niteroi
090 ## - NÚMERO DE CHAMADA LOCAL
Número de chamada (OCLC) (R); Número de chamada, CALL (RLIN) (NR) R2 - GIR
100 ## - ENTRADA PRINCIPAL--NOME PESSOAL
Nome pessoal Girassol
245 10 - TÍTULO
Título O Rei Leão
260 ## - PUBLICAÇÃO, DISTRIBUIÇÃO, ETC.
Local de publicação, distribuição, etc. São Paulo
300 ## - DESCRIÇÃO FÍSICA
Outros detalhes físicos il.
Dimensões 8 x 19.4 x 0.4 cm
362 0# - DATAS DE PUBLICAÇÃO E/OU DESIGNAÇÃO SEQUENCIAL
Datas de publicação e/ou designação sequencial 2015
490 0# - TÍTULO DA SÉRIE
Título da série Disney Clássicos Ilustrados
520 ## - NOTA DE RESUMO, ETC
Resumo, etc. Simba é um alegre filhote de leão. Um dia, em uma armadilha, o pai de Simba morre e o pequeno foge dali muito assustado e não assume o trono com o rei dos animais. Sozinho e sem ter para onde ir, Simba passa a viver na floresta e levar uma vida livre de preocupações, mas nunca esqueceu o pai e sua missão como rei. Simba conseguirá superar o medo e assumir o trono? Viaje pelas histórias deste livro e descubra como termina esta linda história.
650 #4 - ASSUNTO--TERMO TÓPICO
Cabeçalho tópico ou nome geográfico Livros que Possuem Filmes
650 #4 - ASSUNTO--TERMO TÓPICO
Cabeçalho tópico ou nome geográfico Literatura Infantil
650 #4 - ASSUNTO--TERMO TÓPICO
Cabeçalho tópico ou nome geográfico Superação
942 ## - ELEMENTOS DE ENTRADA ADICIONADOS (KOHA)
Tipo de material Koha Livros
Holdings
Situação do descarte Situação das perdas Situação física Não pode ser emprestado Biblioteca de origem Biblioteca atual Data de aquisição Total de empréstimos Número de chamada completo Código de barras Data de último acesso Data do preço efetivo Tipo de material Koha
        Canadian School of Niterói - Piratininga Canadian School of Niterói - Piratininga 09/02/2024   R2 - GIR A19537 09/02/2024 09/02/2024 Livros
        Canadian School of Niterói - Piratininga Canadian School of Niterói - Piratininga 09/02/2024   R2 - GIR A12594 09/02/2024 09/02/2024 Livros